Movie Character Blitz V Quiz Stats

 Plays Quiz Updated May 6, 2018

Score 0/16 Timer 01:00
3 Plays Today
% Correct
Iron Man
95.1%
Edward Scissorhands
93.6%
Hermione Granger
92.2%
Mr. Miyagi
91.4%
Sarah Connor
87.8%
Mrs. Robinson
87.6%
Vito Corleone
86.9%
V
83.8%
% Correct
Amélie Poulain
80.2%
Atticus Finch
80%
Captain Miller
78.3%
Patrick Bateman
71%
Shaun Riley
70.7%
M. Gustave
63.9%
Tommy DeVito
63.3%
Rick Deckard
58.9%

You're not logged in!

Compare scores with friends on all Sporcle quizzes.
OR
Log In

Sporcle TV

Today on Sporcle TV


Watch our educational content, quiz creation guides, and fun videos on Sporcle TV.

Show Comments

Extras

Top Quizzes Today


Score Distribution

Your Account Isn't Verified!

In order to create a playlist on Sporcle, you need to verify the email address you used during registration. Go to your Sporcle Settings to finish the process.

Report this User

Report this user for behavior that violates our Community Guidelines.

Details: